| 000 | 00906nam a2200241Ia 4500 | ||
|---|---|---|---|
| 003 | GCL | ||
| 008 | 140319s9999 xx 000 0 ara d | ||
| 020 | _a9366069957 | ||
| 040 |
_aGCL / _cGCL |
||
| 082 | 0 | 4 |
_a371.35 _bم ت |
| 100 | 1 | _aمحمد عطا مدنى | |
| 245 | 1 | 0 |
_aالتعلم من بعد : _bاهدافه واسسه وتطبيقاته العملية / _cمحمد عطا مدنى |
| 250 | _aالاولى | ||
| 260 |
_aالاردن : _bدار المسيرة للنشر والتوزيع والطباعة ، _c2007 |
||
| 300 |
_a247 ص ؛ _c24 سم |
||
| 650 | 0 | 4 | _aالتعليم المفتوح |
| 650 | 0 | 4 | _aالتعليم بالحاسبات الالكترونية |
| 650 | 0 | 4 | _aالتعليم عن بعد |
| 650 | 0 | 4 | _aالتعليم بالانترنت |
| 650 | 0 | 4 | _aالتعليم عن بعد - برامج |
| 650 | 0 | 4 | _aالتعليم الجامعى - تطوير |
| 942 |
_2ddc _cBK |
||
| 999 |
_c9925 _d9925 |
||